000 01720cam0 2200385 ib4500
001 BY-MI0015-br-2026582488
005 20260123151527.0
010 ^a978-985-90152-1-2
^bв переплете
100 ^a20260123d2010 bc y0rusy50 ca
101 0 ^arus
102 ^aBY
105 ^aa z 000zy
109 ^ama
200 1 ^aАзбука. Загадки
^e[для дошкольного и младшего школьного возраста]
^fГеннадий Турчак
^gхудожник Петр Орловский
205 ^a4-е издание
210 ^aМинск
^cТурчак Г. И.
^d2010
215 ^a31, [1] с.
^cцв. ил.
^d27 см
225 1 ^aОт Ванюши
345 ^97000 экз.
608 ^aВЕРШ
^3BY-NLB-ar32088
^2BYGNR
608 ^aСТИХОТВОРЕНИЕ
^3BY-NLB-ar32087
^2BYGNR
608 ^aЗАГАДКА
^3BY-NLB-ar10571
^2BYGNR
608 ^aДЗІЦЯЧАЯ І ЮНАЦКАЯ ЛІТАРАТУРА (мастацкі твор)
^3BY-NLB-ar9020
^2BYGNR
608 ^aДЕТСКАЯ И ЮНОШЕСКАЯ ЛИТЕРАТУРА (художеств. произведение)
^3BY-NLB-ar9019
^2BYGNR
615 ^aБелорусский национальный документ
^3BY-SEK-ar1826174
686 ^a84(4Беи)
^2rubbk
690 ^a1
^2Base
^9BY-MI0015
^xRSEK
700 1 ^aТурчак
^bГ. И.
^gГеннадий Иванович
^3BY-NLB-ar2440261
702 1 ^aОрловский
^bП. В.
^gПетр В.
^cхудожник
^3BY-NLB-ar8367725
801 0 ^aBY
^bBY-MI0015
^c20260123
^gRCR
035 ^a(BY-MI0015)BY-MI0015-br-2026582488
899 0 ^aBY-MI0015
^iТ89
^h84(4Беи)